000 00273nam a2200109Ia 4500
008 230907s9999||||xx |||||||||||||| ||und||
082 _a621.3192
_bBOY
245 0 _aIntroductory circuit analysis /
260 _aPearson,
_bEngland :
_c2016
300 _a1219 p.
942 _cBK
999 _c600441
_d600441